Psychiatric mental health nursing (Record no. 7700)

MARC details
000 -LEADER
fixed length control field 00668nam a22002057a 4500
003 - CONTROL NUMBER IDENTIFIER
control field OSt
005 - DATE AND TIME OF LATEST TRANSACTION
control field 20260122054847.0
008 - FIXED-LENGTH DATA ELEMENTS--GENERAL INFORMATION
fixed length control field 260122b |||||||| |||| 00| 0 eng d
020 ## - INTERNATIONAL STANDARD BOOK NUMBER
International Standard Book Number 0-7817-4049-5.
040 ## - CATALOGING SOURCE
Original cataloging agency DWCL-Main lib
Transcribing agency OC
082 ## - DEWEY DECIMAL CLASSIFICATION NUMBER
Edition number 2nd edition
Classification number Circ. 610.7368 V652p 2001
100 ## - MAIN ENTRY--PERSONAL NAME
Personal name Videbeck, Shiela L.
245 ## - TITLE STATEMENT
Title Psychiatric mental health nursing
Statement of responsibility, etc. Videbeck, SShiela L.
260 ## - PUBLICATION, DISTRIBUTION, ETC.
Place of publication, distribution, etc. Lippincott :
Name of publisher, distributor, etc. Williams & Wilkins,
Date of publication, distribution, etc. c2001.
300 ## - PHYSICAL DESCRIPTION
Extent xv, 592 pages :
Other physical details colored illustration ;
Dimensions 27 cm.
650 ## - SUBJECT ADDED ENTRY--TOPICAL TERM
Source of heading or term 1. Mental illness-Nursing.
650 ## - SUBJECT ADDED ENTRY--TOPICAL TERM
Source of heading or term 2. Psychiatric nursing.
700 ## - ADDED ENTRY--PERSONAL NAME
Personal name Miller, Cathy J.
942 ## - ADDED ENTRY ELEMENTS (KOHA)
Source of classification or shelving scheme Dewey Decimal Classification
Koha item type Book Circulation
Edition 2nd ed.
Call number prefix Circ.
Suppress in OPAC No
952 ## - LOCATION AND ITEM INFORMATION (KOHA)
--
Holdings
Withdrawn status Lost status Source of classification or shelving scheme Damaged status Not for loan Home library Current library Shelving location Date acquired Source of acquisition Cost, normal purchase price Total Checkouts Full call number Barcode Date last seen Copy number Price effective from Koha item type Uniform Resource Identifier
    Dewey Decimal Classification     HM & Nursing Library HM & Nursing Library Circulation 11/02/2007 Donation 0.00   Circ. 610.7368 V652p 2001 HM45309 01/22/2026 c1 01/22/2026 BK-CIRC